000
00252nam a2200097Ia 4500
001
691651
005
20250826161839.0
008
250824s9999 xx 000 0 und d
245
0
_a
DİYELİM SÖZ ARASINDA
_c
NURULLAH ATAÇ
260
_b
YAPI KREDİ YAYINLARI
999
_c
691651
_d
691651